| 000 | 00369nam a22001457a 4500 | ||
|---|---|---|---|
| 003 | OSt | ||
| 005 | 20251014113152.0 | ||
| 008 | 251014b |||||||| |||| 00| 0 eng d | ||
| 022 | _29966773266 | ||
| 040 | _cVIDE MUWA PUBLISHERS | ||
| 050 | _aPL 8704 .W36 2013 | ||
| 245 | _aUNCLE;S JOKE | ||
| 260 |
_aNAIROBI, KENYA _bVIDE MUWA PUBLISHERS LTD _c2007 |
||
| 942 |
_2lcc _cBK _n0 |
||
| 999 |
_c9606 _d9606 |
||